[Event "ECU pre olympic (Women)"]
[White "Calderon Guerra, Odalys Lisbeth"]
[Black "Oleas Vanegas, Micaela Carolina"]
[Site "Quito"]
[Round "3"]
[Result "1/2-1/2"]
[Date "2024.04.10"]
[WhiteElo "1665"]
[BlackElo "1746"]
[PlyCount "59"]
[EventDate "2024.04.09"]
[EventType "tourn"]
[EventRounds "11"]
[EventCountry "ECU"]
[SourceTitle "EXT 2025"]
[Source "ChessBase"]
[SourceDate "2024.10.14"]
[SourceVersion "1"]
[SourceVersionDate "2024.10.14"]
[SourceQuality "1"]

1. d4 Nf6 2. Nf3 d6 3. c4 Nbd7 4. Nc3 e5 5. g3 Be7 6. Bg2 0-0 7. d5 a5 8. 0-0 Nc5 9. Be3 Nfd7 10. a3 a4 11. Nd2 f5 12. Bxc5 Nxc5 13. f4 e4 14. b4 axb3 15. Nxb3 Nxb3 16. Qxb3 Bf6 17. e3 b6 18. Rac1 Bxc3 19. Qxc3 Ra5 20. Rb1 Bd7 21. Rf2 Qe8 22. Bf1 Rf6 23. Rg2 Qa8 24. Ra1 Rc5 25. Qb4 Qe8 26. Rb1 Rf8 27. Rc1 Qf7 28. Qd2 Ra8 29. Rc3 Rca5 30. Qc1 1/2-1/2

[Event "ECU pre olympic (Women)"]
[White "Oleas Vanegas, Micaela Carolina"]
[Black "Palacios Gordillo, Camila Estefania"]
[Site "Quito"]
[Round "2"]
[Result "1-0"]
[Date "2024.04.09"]
[WhiteElo "1746"]
[BlackElo "1783"]
[PlyCount "57"]
[EventDate "2024.04.09"]
[EventType "tourn"]
[EventRounds "11"]
[EventCountry "ECU"]
[SourceTitle "EXT 2025"]
[Source "ChessBase"]
[SourceDate "2024.10.14"]
[SourceVersion "1"]
[SourceVersionDate "2024.10.14"]
[SourceQuality "1"]

1. e4 e5 2. Nf3 Nc6 3. Bc4 Be7 4. d3 Nf6 5. 0-0 d6 6. c3 0-0 7. Bb3 Bg4 8. Be3 Qd7 9. Nbd2 Rfd8 10. Qb1 h6 11. d4 exd4 12. Nxd4 Nxd4 13. cxd4 d5 14. e5 Bf5 15. Bc2 Bxc2 16. Qxc2 Nh7 17. f4 c6 18. Rf3 Qg4 19. Raf1 f5 20. Nb3 Nf8 21. Rg3 Qh4 22. Rh3 Qg4 23. Rff3 Qg6 24. Rfg3 Qe6 25. Rh5 Nd7 26. Rxf5 Bf8 27. Rh5 Kh8 28. f5 Qe8 29. Rhh3 1-0

[Event "ECU-ch (Women)"]
[White "Oleas Vanegas, Micaela Carolina"]
[Black "Lopez De la Cruz, Violeta Jazmin"]
[Site "Ibarra"]
[Round "5"]
[Result "1/2-1/2"]
[Date "2024.03.15"]
[WhiteElo "1746"]
[BlackElo "1573"]
[PlyCount "71"]
[EventDate "2024.03.13"]
[EventType "swiss"]
[EventRounds "9"]
[EventCountry "ECU"]
[SourceTitle "EXT 2025"]
[Source "ChessBase"]
[SourceDate "2024.10.14"]
[SourceVersion "1"]
[SourceVersionDate "2024.10.14"]
[SourceQuality "1"]

1. e4 e5 2. Nf3 Nc6 3. Bc4 Bc5 4. Nc3 Nf6 5. d3 d6 6. h3 h6 7. Be3 Bb6 8. 0-0 0-0 9. Re1 Ne7 10. d4 exd4 11. Nxd4 c6 12. Bb3 Ng6 13. Nf3 Bc7 14. Qd3 Be6 15. Bxe6 fxe6 16. Rad1 e5 17. Ne2 Qe8 18. Ng3 Qe6 19. c4 Nf4 20. Bxf4 exf4 21. Nf5 Rad8 22. N3d4 Qf7 23. b3 Rfe8 24. Nf3 Qh5 25. N5d4 g5 26. c5 dxc5 27. Qc4+ Qf7 28. Qxc5 Bb6 29. Qc2 Qg6 30. Qc4+ Kh7 31. e5 Nd5 32. b4 g4 33. hxg4 Qxg4 34. Nh2 Qg6 35. a3 Rg8 36. Qc2 1/2-1/2

[Event "ECU-ch (Women)"]
[White "Oleas Vanegas, Micaela Carolina"]
[Black "Heredia Serrano, Carla Sofia"]
[Site "Quito"]
[Round "5"]
[Result "0-1"]
[Date "2023.06.23"]
[WhiteElo "1577"]
[BlackElo "2078"]
[PlyCount "58"]
[EventDate "2023.06.21"]
[EventType "swiss"]
[EventRounds "9"]
[EventCountry "ECU"]
[SourceTitle "CBM 215 Extra"]
[Source "ChessBase"]
[SourceDate "2023.09.30"]
[SourceVersion "1"]
[SourceVersionDate "2023.09.30"]
[SourceQuality "1"]

1. e4 c6 2. d4 d5 3. e5 c5 4. c3 Nc6 5. Nf3 cxd4 6. cxd4 Bg4 7. Bb5 Qb6 8. Bxc6+ bxc6 9. 0-0 e6 10. Nc3 Bxf3 11. Qxf3 Qxd4 12. Bf4 Ne7 13. Rfd1 Qb4 14. Rab1 Ng6 15. Bg3 Be7 16. a3 Qa5 17. Ne2 c5 18. b4 cxb4 19. axb4 Qb6 20. Rd4 0-0 21. h4 f6 22. Rg4 fxe5 23. Qd3 Rf5 24. Kh2 Rc8 25. f3 Rh5 26. Kh3 Qd8 27. Rxg6 hxg6 28. Qxg6 Rh6 29. Qd3 Bxh4 0-1

[Event "ECU-ch (Women)"]
[White "Quishpe Tene, Melody Tamara"]
[Black "Oleas Vanegas, Micaela Carolina"]
[Site "Banos de Agua Santa"]
[Round "7"]
[Result "0-1"]
[Date "2020.03.14"]
[WhiteElo "1507"]
[BlackElo "1650"]
[PlyCount "45"]
[EventDate "2020.03.10"]
[EventType "swiss"]
[EventRounds "9"]
[EventCountry "ECU"]
[SourceTitle "CBM 195 Extra"]
[Source "ChessBase"]
[SourceDate "2020.05.31"]
[SourceVersion "1"]
[SourceVersionDate "2020.05.31"]
[SourceQuality "1"]

1. e4 e5 2. Nf3 Nc6 3. Nc3 Nf6 4. Be2 Bb4 5. Nd5 Nxe4 6. Nxb4 Nxb4 7. Nxe5 0-0 8. d4 d6 9. Nf3 Re8 10. a3 Nd5 11. 0-0 Bg4 12. Re1 h6 13. c4 Ndf6 14. h3 Bh5 15. Be3 Qd7 16. Nh4 Bxe2 17. Rxe2 Rad8 18. Qd3 d5 19. Nf3 c6 20. Ne5 dxc4 21. Qxc4 Qd5 22. Qc2 Nd7 23. Rd1 0-1

[Event "Pan American-ch U16 Girls"]
[White "Oleas Vanegas, Micaela Carolina"]
[Black "Hormazabal Figueroa, Constanza Valentina"]
[Site "Guayaquil"]
[Round "9"]
[Result "1/2-1/2"]
[Date "2019.07.27"]
[WhiteElo "1671"]
[BlackElo "1593"]
[PlyCount "89"]
[EventDate "2019.07.21"]
[EventType "swiss"]
[EventRounds "9"]
[EventCountry "ECU"]
[SourceTitle "EXT 2021"]
[Source "ChessBase"]
[SourceDate "2020.10.23"]
[SourceVersion "1"]
[SourceVersionDate "2020.10.23"]
[SourceQuality "1"]

1. e4 c5 2. c3 d5 3. exd5 Qxd5 4. d4 Nc6 5. Nf3 Bf5 6. Na3 cxd4 7. Nb5 0-0-0 8. cxd4 e5 9. Nc3 Bb4 10. Bd2 Bxc3 11. bxc3 exd4 12. cxd4 Nxd4 13. Nxd4 Qxd4 14. Rc1+ Kb8 15. Bf4+ Ka8 16. Qxd4 Rxd4 17. Be3 Rd8 18. Rc7 Be6 19. a4 Nf6 20. Bg5 Rhe8 21. f3 Rd7 22. Rxd7 Bxd7+ 23. Kf2 Bxa4 24. Bc4 Re7 25. Ra1 Bd7 26. Rd1 Kb8 27. Bxf6 gxf6 28. Rd6 Be6 29. Bd3 Kc7 30. Rd4 h5 31. Rh4 Rd7 32. Ke3 Rd5 33. Rf4 Rg5 34. g3 b5 35. Rxf6 Rc5 36. Kd4 Rd5+ 37. Ke3 a5 38. f4 Rc5 39. Kd4 Rc1 40. Bxb5 a4 41. Rxe6 fxe6 42. Bxa4 Kd8 43. Ke3 Rh1 44. h4 Rc1 45. Bb5 1/2-1/2

[Event "ECU-ch U16 Girls"]
[White "Arcos Moreira, Sara Noemi"]
[Black "Oleas Vanegas, Micaela Carolina"]
[Site "Guayaquil"]
[Round "8"]
[Result "0-1"]
[Date "2019.04.21"]
[WhiteElo "1332"]
[BlackElo "1741"]
[PlyCount "84"]
[EventDate "2019.04.17"]
[EventType "swiss"]
[EventRounds "9"]
[EventCountry "ECU"]
[SourceTitle "CBM 190 Extra"]
[Source "ChessBase"]
[SourceDate "2019.07.15"]
[SourceVersion "1"]
[SourceVersionDate "2019.07.15"]
[SourceQuality "1"]

1. c4 e5 2. Nc3 Nf6 3. g3 Nc6 4. Bg2 Bc5 5. d3 h6 6. Nf3 d6 7. a3 a5 8. 0-0 0-0 9. Ne1 Be6 10. Nc2 Qd7 11. Ne4 Nxe4 12. Bxe4 f5 13. Bg2 d5 14. cxd5 Bxd5 15. Bxd5+ Qxd5 16. Ne3 Bxe3 17. Bxe3 f4 18. Bd2 Rf6 19. Bc3 Raf8 20. Qc2 Qf7 21. f3 fxg3 22. hxg3 Rg6 23. Be1 Nd4 24. Qd1 Nf5 25. Bf2 Nxg3 26. Bxg3 Rxg3+ 27. Kf2 Rg6 28. Rg1 Rxg1 29. Qxg1 Qf4 30. Qc1 Qh2+ 31. Ke1 Kh8 32. b4 Qh4+ 33. Kf1 Rf6 34. Qe1 Qh1+ 35. Kf2 Qh2+ 36. Ke3 Qf4+ 37. Kf2 Rg6 38. Qh1 axb4 39. axb4 Qxb4 40. Ra8+ Kh7 41. Ra1 Qd4+ 42. e3 Qb2+ 0-1

[Event "South America School-ch 33rd"]
[White "Oleas Vanegas, Micaela Carolina"]
[Black "Kaslan, Victoria"]
[Site "Cochabamba"]
[Round "6.2"]
[Result "1-0"]
[Date "2017.12.07"]
[WhiteElo "1604"]
[BlackElo "1316"]
[PlyCount "45"]
[EventDate "2017.12.05"]
[EventType "team-tourn"]
[EventRounds "9"]
[EventCountry "BOL"]
[SourceTitle "CBM 182 Extra"]
[Source "ChessBase"]
[SourceDate "2018.02.23"]
[SourceVersion "1"]
[SourceVersionDate "2018.02.23"]
[SourceQuality "1"]
[WhiteTeam "Ecuador"]
[BlackTeam "Surinam"]
[WhiteTeamCountry "ECU"]
[BlackTeamCountry "SUR"]

1. e4 c5 2. c3 d6 3. d4 cxd4 4. cxd4 Nf6 5. Nc3 a6 6. h3 Qc7 7. Nf3 Nbd7 8. Be3 e6 9. Rc1 Qd8 10. Be2 b5 11. e5 Ng8 12. 0-0 d5 13. Qb3 f6 14. a4 b4 15. Na2 a5 16. Bb5 Kf7 17. Bc6 Rb8 18. Bxd5 exd5 19. Qxd5+ Ke8 20. e6 Nb6 21. Qc6+ Ke7 22. d5 Bb7 23. Bc5+ 1-0

[Event "South America School-ch 33rd"]
[White "Oleas Vanegas, Micaela Carolina"]
[Black "Gomes, Maria Eduarda Papin"]
[Site "Cochabamba"]
[Round "1.2"]
[Result "0-1"]
[Date "2017.12.05"]
[WhiteElo "1604"]
[BlackElo "1515"]
[PlyCount "42"]
[EventDate "2017.12.05"]
[EventType "team-tourn"]
[EventRounds "9"]
[EventCountry "BOL"]
[SourceTitle "CBM 182 Extra"]
[Source "ChessBase"]
[SourceDate "2018.02.23"]
[SourceVersion "1"]
[SourceVersionDate "2018.02.23"]
[SourceQuality "1"]
[WhiteTeam "Ecuador"]
[BlackTeam "Brazil"]
[WhiteTeamCountry "ECU"]
[BlackTeamCountry "BRA"]

1. e4 d5 2. exd5 Qxd5 3. Nc3 Qa5 4. d4 c6 5. h3 Bf5 6. Nf3 h6 7. Ne5 Nf6 8. Bc4 e6 9. 0-0 Bd6 10. Re1 Bxe5 11. Rxe5 Qc7 12. Qe2 0-0 13. Bf4 Qb6 14. Bb3 Qxd4 15. Bg3 Nbd7 16. Rd1 Qb6 17. Na4 Qd8 18. Nc5 Qc8 19. Nxd7 Nxd7 20. Re3 Nb6 21. Be5 Rd8 0-1

[Event "South America-ch U12 Girls 12th"]
[White "Mamani, Anahi"]
[Black "Oleas Vanegas, Micaela Carolina"]
[Site "Santa Cruz"]
[Round "6"]
[Result "1-0"]
[Date "2015.12.05"]
[WhiteElo "1534"]
[BlackElo "1467"]
[PlyCount "135"]
[EventDate "2015.12.02"]
[EventType "swiss"]
[EventRounds "9"]
[EventCountry "BOL"]
[SourceTitle "CBM 170 Extra"]
[Source "ChessBase"]
[SourceDate "2016.02.25"]
[SourceVersion "1"]
[SourceVersionDate "2016.02.25"]
[SourceQuality "1"]

1. e4 e5 2. Nf3 Nc6 3. Bc4 Nf6 4. Ng5 d5 5. exd5 Na5 6. Bb5+ c6 7. dxc6 bxc6 8. Be2 h6 9. Nf3 e4 10. Ne5 Bd6 11. d4 Bxe5 12. dxe5 Qxd1+ 13. Kxd1 Ng4 14. Bxg4 Bxg4+ 15. Ke1 Rd8 16. Nc3 Nc4 17. h3 Bh5 18. b3 Nxe5 19. Bb2 0-0 20. Ne2 Bxe2 21. Kxe2 Ng6 22. g3 Ne7 23. Rad1 Nf5 24. Rxd8 Rxd8 25. Rd1 Rxd1 26. Kxd1 f6 27. Ke2 Kf7 28. g4 Nd6 29. Ke3 Ke6 30. Bd4 a6 31. Bc5 Nf7 32. Kxe4 Ng5+ 33. Ke3 Nxh3 34. f4 g5 35. f5+ Kf7 36. Bd6 Nf4 37. Bxf4 gxf4+ 38. Kxf4 Ke7 39. Ke4 Kd6 40. b4 c5 41. c3 Kc6 42. a4 Kd6 43. b5 axb5 44. axb5 Kc7 45. Kd5 Kb6 46. c4 Kc7 47. Kxc5 Kb7 48. b6 Kb8 49. Kc6 Kc8 50. c5 Kb8 51. b7 Ka7 52. b8Q+ Kxb8 53. Kd7 Kb7 54. c6+ Kb6 55. c7 Kc5 56. c8Q+ Kd5 57. Qc6+ Ke5 58. Qe6+ Kf4 59. Qxf6 Kxg4 60. Qg6+ Kf4 61. f6 h5 62. f7 h4 63. f8R+ Ke3 64. Qg4 Kd2 65. Rf3 h3 66. Qxh3 Kc2 67. Qg2+ Kc1 68. Rf1# 1-0

[Event "Pan American-ch U12 Girls"]
[White "Oleas Vanegas, Micaela Carolina"]
[Black "Diaz, Luisa Fernanda"]
[Site "Cali"]
[Round "5"]
[Result "1-0"]
[Date "2015.07.01"]
[WhiteElo "1393"]
[BlackElo "1491"]
[PlyCount "67"]
[EventDate "2015.06.28"]
[EventType "swiss"]
[EventRounds "9"]
[EventCountry "COL"]
[SourceTitle "EXT 2016"]
[Source "ChessBase"]
[SourceDate "2015.10.08"]
[SourceVersion "1"]
[SourceVersionDate "2015.10.08"]
[SourceQuality "1"]

1. e4 c5 2. Nc3 e6 3. g3 d5 4. d3 Nf6 5. Bg2 Nc6 6. Bg5 d4 7. Nce2 Be7 8. c3 dxc3 9. bxc3 h6 10. Bc1 Qc7 11. Nf3 b6 12. 0-0 0-0 13. e5 Nd7 14. d4 Bb7 15. Nf4 Rfd8 16. Qe2 cxd4 17. cxd4 Nb4 18. Qb2 Rac8 19. Bd2 Qc2 20. Qxc2 Nxc2 21. Rab1 Bxf3 22. Bxf3 Nxd4 23. Bd1 Nxe5 24. Kg2 Ndf3 25. Bxf3 Nxf3 26. Kxf3 Rxd2 27. a4 Ra2 28. Rfd1 Rxa4 29. Rd7 Bf6 30. Nh5 Rb8 31. Rc1 Ra3+ 32. Kg2 Rc3 33. Nxf6+ gxf6 34. Rxc3 1-0